| 000 | 00649cam a22002175a 4500 | ||
|---|---|---|---|
| 001 | L158588 | ||
| 008 | 150506s2015 xxk f 000 0 eng d | ||
| 020 | _a9780727760142 | ||
| 035 | _a(Sirsi) u158588 | ||
| 041 | 0 | _aeng | |
| 050 | 0 | 4 | _a658.404 BAR |
| 100 | 1 | _aBarnes, Pieter | |
| 245 | 0 | 0 | _aProgramme management in construction |
| 260 |
_aLondon _bICE _c 2015 |
||
| 520 | _aProvides a vcomprehensive introduction to the application of programme management in the construction industry | ||
| 521 | _aAdvanced | ||
| 651 | 4 | _aENGLAND AND WALES | |
| 690 | _aCONSTRUCTION | ||
| 700 | 1 | _aFarren, Roy; Haidar, Ali; Wells, Kenneth | |
| 942 | _n0 | ||
| 999 |
_c115405 _d115405 |
||